Missing Word: United Kingdom A-Z Quiz Stats

Quiz Updated Jan 14, 2016

Challenge
Share
Tweet
Embed
Score 0/26 Timer 05:00
2 Plays Today
Hint Missing Word % Correct
Fish and _____ (C)Chips
99%
Elton ____ (J)John
98.4%
The Rolling ______ (S) Stones
98.1%
_____ Victoria (Q)Queen
98%
____ Middleton (K)Kate
97.7%
_______ Churchill (W)Winston
97.4%
Monty ______ (P)Python
96.8%
___ Direction (O)One
96.2%
_____ Jack (U)Union
95.1%
David _______ (B)Beckham
94.6%
Charles ______ (D) Darwin
94.5%
Northern _______ (I)Ireland
93.9%
Industrial __________ (R)Revolution
93.7%
Hint Missing Word % Correct
The Merchant of ______ (V)Venice
90.3%
Led ________ (Z)Zeppelin
88.7%
_____ Martin (A)Aston
88%
London ___ (E)Eye
85.3%
Isle of ___ (M)Man
85.1%
Top ____ (G)Gear
74.2%
North _________ (Y)Yorkshire
70.5%
____ and Caicos Islands (T)Turks
64.8%
Tottenham ______ (H)Hotspur
60.6%
_________ upon Tyne (N)Newcastle
59.2%
_-___ Spex (X)X-Ray
57.3%
_____ Hamilton (L)Lewis
56.6%
Michael _______ (F)Faraday
46.3%

Today's Daily Dose

Missing Word
Law Misconceptions

Word Ladder
Easy Math

On This Day
January 20th

You're not logged in!

Compare scores with friends on all Sporcle quizzes.
Sign Up with Email
OR
Log In

You Might Also Like...

Show Comments

Extras

Top Quizzes Today


Score Distribution

Your Account Isn't Verified!

In order to create a playlist on Sporcle, you need to verify the email address you used during registration. Go to your Sporcle Settings to finish the process.